000
00327 a2200157 4500
001
73520
020
_a
8571490066
040
_c
Anchieta - Colégio São Paulo
100
_a
Dias, José Umberto
240
1
0
_a
Dadá
_l
por
245
1
0
_a
Dadá
300
_a
98
362
0
_a
1989
650
4
_a
Ficção brasileira
942
_c
BK
999
_c
73520
_d
73520